Précis élémentaire de droit administratif / (Record no. 34792)

MARC details
000 -LEADER
campo de control de longitud fija 00536nam a2200169 i 4500
001 - NÚMERO DE CONTROL
campo de control 34792
003 - IDENTIFICADOR DE NÚMERO DE CONTROL
campo de control ES-MaACL
005 - FECHA Y HORA DE LA ÚLTIMA TRANSACCIÓN
campo de control 20230906155011.0
007 - CAMPO FIJO DE DESCRIPCIÓN FÍSICA--INFORMACIÓN GENERAL
campo de control de longitud fija t|
008 - DATOS DE LONGITUD FIJA--INFORMACIÓN GENERAL
campo de control de longitud fija 030211s1926 fr ||||1| fre d
100 1# - ENTRADA PRINCIPAL--NOMBRE DE PERSONA
Nombre de persona Bonnard, Roger.
9 (RLIN) 30228
245 10 - MENCIÓN DEL TÍTULO
Título Précis élémentaire de droit administratif /
Mención de responsabilidad, etc. Roger Bonnard.
260 ## - PUBLICACIÓN, DISTRIBUCIÓN, ETC.
Lugar de publicación, distribución, etc. Paris :
Nombre del editor, distribuidor, etc. Société Anonyme du Recueil Sirey,
Fecha de publicación, distribución, etc. 1926 (
Lugar de fabricación/manufactura Bordeaux :
Fabricante J. Biere)
300 ## - DESCRIPCIÓN FÍSICA
Extensión 555 p. ;
Dimensiones 20 cm.
500 ## - NOTA GENERAL
Nota general Precede al tít.: La licence en droit.
852 ## - LOCALIZACIÓN
Ubicación ES-MaACL
Número de control de estantería A-1402
Sublocalización o colección R.11854
Holdings
Estatus retirado Estado de pérdida Estado de daño No para préstamo Biblioteca de origen Biblioteca actual Ubicación en estantería Fecha de adquisición Fuente de adquisición Total de préstamos Signatura topográfica completa Código de barras Visto por última vez Precio de reemplazo Tipo de ítem Koha
        Biblioteca del Ateneo de Madrid Biblioteca del Ateneo de Madrid Sala Pecera Planta 1 17/01/2008     A-1402 1036313 23/02/2023 23/02/2023 Libro impreso